|
|
|
|
| LEADER |
00000nab a2200000 a 4500 |
| 001 |
vtls000699730 |
| 003 |
SK-MaSNL |
| 005 |
20260304094622.0 |
| 008 |
250425c1999 xo 0 slo |
| 015 |
|
|
|a SNBRB1999/09-18562
|
| 035 |
|
|
|a CLN000051897
|
| 035 |
|
|
|a urn:nbn:sk:snk-abbsrk
|
| 035 |
|
|
|a (urnnbn)urn:nbn:sk:snk:ar-006e77
|
| 035 |
|
|
|a (uuid)c8e404c5-c9b7-4ba9-b59e-10f89a6c2669
|
| 040 |
|
|
|a SNKBUCL
|b slo
|c SNKBUCL
|e AACR2
|
| 041 |
0 |
|
|a slo
|
| 044 |
|
|
|a xo
|c SK
|
| 080 |
|
|
|a 72.011
|2 1997
|
| 100 |
1 |
|
|a Samová, Mária,
|d 1946-
|4 aut
|9 114577
|
| 245 |
1 |
0 |
|a Na prahu nového tisícročia Slovensko bez bariér?
|c Mária Samová
|
| 504 |
|
|
|a Res. angl.
|
| 650 |
0 |
7 |
|a bezbariérová architektúra
|2 snkbucl
|9 529645
|
| 650 |
0 |
7 |
|a bezbariérové prostredie
|x architektonické navrhovanie
|2 snkbucl
|9 1391175
|
| 773 |
0 |
|
|t Životné prostredie
|g Roč. 33, č. 2 (1999), s. 71-73
|x 0044-4863
|
| 850 |
|
|
|a Slovenská národná knižnica
|
| 852 |
|
|
|a Slovenská národná knižnica
|
| 954 |
|
|
|a odborná, vedecká literatúra pôvodná (slovenská)
|2 lita
|
| 958 |
|
|
|a article15
|
| 958 |
|
|
|a OND
|
| 958 |
|
|
|a EUIPO
|
| 999 |
|
|
|c 2828039
|d 2829969
|